00244nam a2200097 a 4500008004100000050001500041100002100056245005100077260000900128350000900137120416s1979 xx |||||||||||||| || u aTD 791 Bri aBridgwater, A. V10aWaste recycling and pollution control handbook c1979 a0.00